000 01029nam0a22002531 4500
001 rc\4023490
005 20260407121921.0
021 _aRU
_b[52-13568]
035 _a(NLR Aleph) 008087926
090 _a9164851
_c9164851
100 _a20130415d19511952|||y0rusy50 ca
101 0 _arus
102 _aRU
105 _aa z |||||
200 1 _aГрейдер средний - террасник Д-241
_eРуководство по эксплуатации
_fМ-во строит. и дор. машиностроения СССР. Главдормаш. Брян. завод дор. машин
210 _aБрянск
_cБ. и.
_d1951 [вып. дан. 1952]
215 _a37 с.
_cил.
_d19
606 _aГрейдеры
_xЭксплуатация
_2psbo
712 0 2 _aБрянский завод дорожных машин им. 50-летия Великого Октября
_9643196
_3RU\NLR\AUTH\8810070725
801 0 _aRU
_bNLR
_gpsbo
801 1 _aRU
_bELAR
_2rusmarc
852 _aNLR
_jТ86 Г-4/832
942 _cBOOK
980 _aNB